| 000 | 00839nem a2200265 i 4500 | ||
|---|---|---|---|
| 001 | bg | ||
| 245 | 0 | 0 |
_aOkolice Krakowa i Tatry / _coprac. wydawca. |
| 254 | _a1:20 000 | ||
| 260 |
_aKatowice : _bWydaw. Kartograficzne "Mapy Ścienne" Beata Piętka, _c[2005]. |
||
| 300 |
_a240 s. : _bmapy kolor. ; _c23 cm x 25 cm. |
||
| 500 | _aLegenda w jęz. pol., niem., ang. | ||
| 504 | _aIndeks. | ||
| 651 | 9 | _aKraków (woj. małopolskie) | |
| 651 | 9 | _aMałopolskie, województwo | |
| 651 | 9 | _aTatry | |
| 655 | _aMapy | ||
| 020 | _a8373451196 | ||
| 040 | _cBPK | ||
| 041 | 0 |
_apol _bengger |
|
| 080 | _a912(438)A/Z | ||
| 920 | _a83-7345-119-6 | ||
| 942 | _cMP | ||
| 008 | s pl f |000 0 pol | ||
| 999 |
_c35222 _d35222 |
||
| 856 |
_uhttp://koha.tu.koszalin.pl/cgi-bin/koha/opac-detail.pl?biblionumber=35222 _yKatalog online BPK |
||